00492nam a22001577a 450000500170000001000130001702000270003003500130005703700090007008200080007910000240008724500780011126000560018927000550024530000340030020210827113100.0 aB-741358 a9789389776546c1700.00 aB-741358 bGift a610 aPritesh Kumar Singh aNEET Essence 2020-2018:bcovid-19 updates added /cby Pritesh Kumar Singh aNew DelhibJaypee Brothers Medical Publishersc2020 a4838/24, Ansari Road, DaryaganjbNew Delhie110002 axix, 1074p.:c28cm(pbk)bill.